[Event "ODJM B 2025"]
[Site "Willingen GER"]
[Date "2025.06.08"]
[Round "1"]
[White "Jagodkin, Anton"]
[Black "Kandora, Max"]
[Result "0-1"]
[Termination "normal"]
[Board "28"]
[WhiteElo "1515"]
[BlackElo "1878"]
[WhiteClock "00:31:33"]
[BlackClock "00:46:20"]
[PlyCount "86"]
[WhiteFideId "34607307"]
[BlackFideId "34684239"]
[EventCountry "GER"]
[EventRounds "9"]
[EventType "swiss"]
[EventDate "2025.06.07"]

1. e4 {[%clk 01:30:57]} {[%emt 00:00:02]} e5 {[%clk 01:30:52]} {[%emt
00:00:09]} 2. Nf3 {[%clk 01:30:33]} {[%emt 00:00:54]} Nf6 {[%clk 01:30:35]}
{[%emt 00:00:48]} 3. Nc3 {[%clk 01:29:51]} {[%emt 00:01:12]} Bb4 {[%clk
01:30:59]} {[%emt 00:00:06]} 4. Bc4 {[%clk 01:24:45]} {[%emt 00:05:36]} O-O
{[%clk 01:29:24]} {[%emt 00:02:04]} 5. d3 {[%clk 01:24:31]} {[%emt 00:00:45]}
d5 {[%clk 01:24:18]} {[%emt 00:05:36]} 6. Bxd5 {[%clk 01:13:56]} {[%emt
00:11:04]} Nxd5 {[%clk 01:24:02]} {[%emt 00:00:46]} 7. exd5 {[%clk 01:14:08]}
{[%emt 00:00:18]} Bxc3+ {[%clk 01:19:48]} {[%emt 00:04:44]} 8. bxc3 {[%clk
01:14:30]} {[%emt 00:00:08]} Qxd5 {[%clk 01:20:14]} {[%emt 00:00:04]} 9. O-O
{[%clk 01:09:05]} {[%emt 00:05:56]} Bg4 {[%clk 01:13:51]} {[%emt 00:06:53]} 10.
c4 {[%clk 01:04:45]} {[%emt 00:04:49]} Qd6 {[%clk 01:12:18]} {[%emt 00:02:02]}
11. Re1 {[%clk 01:02:14]} {[%emt 00:03:02]} Nc6 {[%clk 01:09:57]} {[%emt
00:02:51]} 12. Bb2 {[%clk 00:59:19]} {[%emt 00:03:24]} f5 {[%clk 01:02:13]}
{[%emt 00:08:14]} 13. h3 {[%clk 00:55:27]} {[%emt 00:04:23]} Bh5 {[%clk
01:00:07]} {[%emt 00:02:36]} 14. a4 {[%clk 00:54:41]} {[%emt 00:01:16]} Nd4
{[%clk 00:55:35]} {[%emt 00:05:02]} 15. Bxd4 {[%clk 00:49:34]} {[%emt
00:05:37]} exd4 {[%clk 00:54:44]} {[%emt 00:01:21]} 16. Rb1 {[%clk 00:49:41]}
{[%emt 00:00:22]} b6 {[%clk 00:54:29]} {[%emt 00:00:45]} 17. Rb5 {[%clk
00:48:01]} {[%emt 00:02:11]} c5 {[%clk 00:54:47]} {[%emt 00:00:12]} 18. a5
{[%clk 00:45:57]} {[%emt 00:02:34]} Rae8 {[%clk 00:54:26]} {[%emt 00:00:52]}
19. axb6 {[%clk 00:44:49]} {[%emt 00:01:37]} Rxe1+ {[%clk 00:53:30]} {[%emt
00:01:26]} 20. Qxe1 {[%clk 00:45:05]} {[%emt 00:00:14]} Bxf3 {[%clk 00:50:40]}
{[%emt 00:03:20]} 21. gxf3 {[%clk 00:43:00]} {[%emt 00:02:35]} axb6 {[%clk
00:50:42]} {[%emt 00:00:28]} 22. Qb1 {[%clk 00:40:34]} {[%emt 00:02:55]} Rf6
{[%clk 00:49:35]} {[%emt 00:01:37]} 23. Qa1 {[%clk 00:37:50]} {[%emt 00:03:15]}
Rg6+ {[%clk 00:48:30]} {[%emt 00:01:36]} 24. Kf1 {[%clk 00:35:55]} {[%emt
00:02:24]} h6 {[%clk 00:48:16]} {[%emt 00:00:44]} 25. Qa8+ {[%clk 00:35:13]}
{[%emt 00:01:12]} Kh7 {[%clk 00:48:41]} {[%emt 00:00:05]} 26. Qd5 {[%clk
00:35:31]} {[%emt 00:00:12]} Qf4 {[%clk 00:46:35]} {[%emt 00:02:36]} 27. Rb1
{[%clk 00:35:15]} {[%emt 00:00:46]} Qh2 {[%clk 00:46:06]} {[%emt 00:00:59]} 28.
Ke2 {[%clk 00:34:14]} {[%emt 00:01:31]} Qxh3 {[%clk 00:46:17]} {[%emt
00:00:19]} 29. Ra1 {[%clk 00:34:29]} {[%emt 00:00:15]} f4 {[%clk 00:46:28]}
{[%emt 00:00:19]} 30. Qe4 {[%clk 00:30:05]} {[%emt 00:04:53]} h5 {[%clk
00:45:33]} {[%emt 00:01:26]} 31. Rg1 {[%clk 00:28:32]} {[%emt 00:02:02]} Qe6
{[%clk 00:45:34]} {[%emt 00:00:29]} 32. Rxg6 {[%clk 00:28:36]} {[%emt
00:00:27]} Qxe4+ {[%clk 00:45:44]} {[%emt 00:00:20]} 33. fxe4 {[%clk 00:28:52]}
{[%emt 00:00:15]} Kxg6 {[%clk 00:46:08]} {[%emt 00:00:06]} 34. f3 {[%clk
00:29:10]} {[%emt 00:00:11]} Kf6 {[%clk 00:46:04]} {[%emt 00:00:34]} 35. Kf2
{[%clk 00:29:22]} {[%emt 00:00:17]} g5 {[%clk 00:45:51]} {[%emt 00:00:44]} 36.
Kg2 {[%clk 00:29:42]} {[%emt 00:00:10]} g4 {[%clk 00:45:33]} {[%emt 00:00:48]}
37. fxg4 {[%clk 00:29:50]} {[%emt 00:00:22]} hxg4 {[%clk 00:45:57]} {[%emt
00:00:06]} 38. Kf2 {[%clk 00:30:07]} {[%emt 00:00:13]} Kg5 {[%clk 00:45:47]}
{[%emt 00:00:40]} 39. Kg2 {[%clk 00:30:28]} {[%emt 00:00:09]} Kh4 {[%clk
00:45:54]} {[%emt 00:00:22]} 40. Kf2 {[%clk 00:30:53]} {[%emt 00:00:06]} f3
{[%clk 00:45:36]} {[%emt 00:00:47]} 41. Kg1 {[%clk 00:30:43]} {[%emt 00:00:41]}
g3 {[%clk 00:45:53]} {[%emt 00:00:13]} 42. Kf1 {[%clk 00:31:08]} {[%emt
00:00:05]} g2+ {[%clk 00:45:53]} {[%emt 00:00:30]} 43. Kf2 {[%clk 00:31:33]}
{[%emt 00:00:03]} Kg4 {[%clk 00:46:20]} {[%emt 00:00:06]} 0-1

[Event "ODJM B 2025"]
[Site "Willingen GER"]
[Date "2025.06.08"]
[Round "1"]
[White "Junge, Julia Marie"]
[Black "Schmidt, Emelie"]
[Result "1/2-1/2"]
[Termination "normal"]
[Board "29"]
[WhiteElo "1734"]
[BlackElo "1575"]
[WhiteClock "00:03:17"]
[BlackClock "00:16:50"]
[PlyCount "119"]
[WhiteFideId "16293908"]
[BlackFideId "34682490"]
[EventCountry "GER"]
[EventRounds "9"]
[EventType "swiss"]
[EventDate "2025.06.07"]

1. e4 {[%clk 01:30:53]} {[%emt 00:00:06]} d5 {[%clk 01:30:54]} {[%emt
00:00:07]} 2. exd5 {[%clk 01:31:11]} {[%emt 00:00:12]} Qxd5 {[%clk 01:31:16]}
{[%emt 00:00:07]} 3. Nc3 {[%clk 01:31:29]} {[%emt 00:00:12]} Qa5 {[%clk
01:31:39]} {[%emt 00:00:08]} 4. Nf3 {[%clk 01:30:26]} {[%emt 00:01:33]} Nf6
{[%clk 01:31:55]} {[%emt 00:00:15]} 5. d4 {[%clk 01:30:32]} {[%emt 00:00:23]}
Bf5 {[%clk 01:31:57]} {[%emt 00:00:28]} 6. Bd2 {[%clk 01:30:54]} {[%emt
00:00:08]} Nbd7 {[%clk 01:31:33]} {[%emt 00:00:54]} 7. Bc4 {[%clk 01:27:22]}
{[%emt 00:04:01]} c6 {[%clk 01:28:29]} {[%emt 00:03:35]} 8. O-O {[%clk
01:25:30]} {[%emt 00:02:21]} Qb6 {[%clk 01:27:15]} {[%emt 00:01:45]} 9. Bb3
{[%clk 01:24:27]} {[%emt 00:01:33]} e6 {[%clk 01:27:05]} {[%emt 00:00:40]} 10.
Re1 {[%clk 01:20:47]} {[%emt 00:04:10]} h6 {[%clk 01:21:17]} {[%emt 00:06:18]}
11. a3 {[%clk 01:12:46]} {[%emt 00:08:31]} Bd6 {[%clk 01:18:57]} {[%emt
00:02:50]} 12. Na4 {[%clk 01:11:08]} {[%emt 00:02:08]} Qc7 {[%clk 01:17:05]}
{[%emt 00:02:21]} 13. c4 {[%clk 01:06:16]} {[%emt 00:05:23]} O-O {[%clk
01:10:02]} {[%emt 00:07:33]} 14. Nc3 {[%clk 01:06:19]} {[%emt 00:00:27]} a6
{[%clk 01:03:57]} {[%emt 00:06:35]} 15. c5 {[%clk 01:03:40]} {[%emt 00:03:09]}
Be7 {[%clk 01:03:01]} {[%emt 00:01:26]} 16. Rc1 {[%clk 00:56:48]} {[%emt
00:07:22]} Rfe8 {[%clk 01:00:36]} {[%emt 00:02:55]} 17. Bc2 {[%clk 00:55:05]}
{[%emt 00:02:13]} Bxc2 {[%clk 00:55:36]} {[%emt 00:05:29]} 18. Qxc2 {[%clk
00:54:19]} {[%emt 00:01:16]} Nd5 {[%clk 00:54:38]} {[%emt 00:01:29]} 19. Nxd5
{[%clk 00:51:45]} {[%emt 00:03:03]} exd5 {[%clk 00:53:27]} {[%emt 00:01:41]}
20. Qf5 {[%clk 00:51:52]} {[%emt 00:00:23]} Nf6 {[%clk 00:51:34]} {[%emt
00:02:23]} 21. Ne5 {[%clk 00:51:39]} {[%emt 00:00:43]} Qc8 {[%clk 00:48:39]}
{[%emt 00:03:26]} 22. Qf3 {[%clk 00:50:17]} {[%emt 00:01:51]} Qc7 {[%clk
00:39:03]} {[%emt 00:10:07]} 23. b4 {[%clk 00:49:53]} {[%emt 00:00:54]} Rf8
{[%clk 00:36:15]} {[%emt 00:03:17]} 24. Bf4 {[%clk 00:49:14]} {[%emt 00:01:08]}
Qd8 {[%clk 00:34:28]} {[%emt 00:02:18]} 25. Qh3 {[%clk 00:42:47]} {[%emt
00:06:56]} Ne4 {[%clk 00:32:08]} {[%emt 00:02:51]} 26. Qd7 {[%clk 00:35:54]}
{[%emt 00:07:23]} Qxd7 {[%clk 00:31:19]} {[%emt 00:01:19]} 27. Nxd7 {[%clk
00:36:16]} {[%emt 00:00:08]} Rfe8 {[%clk 00:30:28]} {[%emt 00:01:21]} 28. Nb6
{[%clk 00:36:27]} {[%emt 00:00:20]} Ra7 {[%clk 00:30:45]} {[%emt 00:00:12]} 29.
f3 {[%clk 00:36:37]} {[%emt 00:00:20]} Nf6 {[%clk 00:30:56]} {[%emt 00:00:19]}
30. Rxe7 {[%clk 00:36:31]} {[%emt 00:00:37]} Rxe7 {[%clk 00:30:37]} {[%emt
00:00:49]} 31. Nc8 {[%clk 00:36:55]} {[%emt 00:00:06]} Re8 {[%clk 00:31:02]}
{[%emt 00:00:04]} 32. Nxa7 {[%clk 00:37:13]} {[%emt 00:00:12]} Ra8 {[%clk
00:31:23]} {[%emt 00:00:10]} 33. Nxc6 {[%clk 00:37:32]} {[%emt 00:00:11]} bxc6
{[%clk 00:31:44]} {[%emt 00:00:08]} 34. Re1 {[%clk 00:37:42]} {[%emt 00:00:19]}
Ra7 {[%clk 00:31:51]} {[%emt 00:00:24]} 35. Bd6 {[%clk 00:38:02]} {[%emt
00:00:10]} Kh7 {[%clk 00:31:13]} {[%emt 00:01:08]} 36. Re7 {[%clk 00:37:31]}
{[%emt 00:01:01]} Rxe7 {[%clk 00:31:25]} {[%emt 00:00:19]} 37. Bxe7 {[%clk
00:37:56]} {[%emt 00:00:05]} Nd7 {[%clk 00:31:47]} {[%emt 00:00:08]} 38. Kf2
{[%clk 00:38:03]} {[%emt 00:00:22]} Kg6 {[%clk 00:32:02]} {[%emt 00:00:15]} 39.
Ke3 {[%clk 00:37:51]} {[%emt 00:00:42]} Kf5 {[%clk 00:32:16]} {[%emt 00:00:17]}
40. g4+ {[%clk 00:38:03]} {[%emt 00:00:18]} Ke6 {[%clk 00:32:36]} {[%emt
00:00:10]} 41. Bd6 {[%clk 00:38:21]} {[%emt 00:00:11]} Nf6 {[%clk 00:31:41]}
{[%emt 00:01:25]} 42. Bf8 {[%clk 00:38:31]} {[%emt 00:00:20]} Ne8 {[%clk
00:32:04]} {[%emt 00:00:07]} 43. f4 {[%clk 00:38:09]} {[%emt 00:00:52]} f6
{[%clk 00:31:10]} {[%emt 00:01:23]} 44. f5+ {[%clk 00:22:14]} {[%emt 00:16:26]}
Kf7 {[%clk 00:28:19]} {[%emt 00:03:21]} 45. Bd6 {[%clk 00:20:57]} {[%emt
00:01:47]} Nxd6 {[%clk 00:28:31]} {[%emt 00:00:19]} 46. cxd6 {[%clk 00:21:19]}
{[%emt 00:00:08]} Ke8 {[%clk 00:28:57]} {[%emt 00:00:04]} 47. a4 {[%clk
00:19:24]} {[%emt 00:02:25]} Kd7 {[%clk 00:26:59]} {[%emt 00:02:28]} 48. a5
{[%clk 00:19:49]} {[%emt 00:00:05]} Kxd6 {[%clk 00:27:13]} {[%emt 00:00:16]}
49. Kf4 {[%clk 00:12:56]} {[%emt 00:07:21]} Ke7 {[%clk 00:26:27]} {[%emt
00:01:17]} 50. h4 {[%clk 00:13:18]} {[%emt 00:00:08]} Kf7 {[%clk 00:26:22]}
{[%emt 00:00:35]} 51. g5 {[%clk 00:13:10]} {[%emt 00:00:38]} hxg5+ {[%clk
00:25:39]} {[%emt 00:01:13]} 52. hxg5 {[%clk 00:13:33]} {[%emt 00:00:06]} Ke7
{[%clk 00:25:26]} {[%emt 00:00:44]} 53. Kg4 {[%clk 00:11:41]} {[%emt 00:02:21]}
fxg5 {[%clk 00:23:14]} {[%emt 00:02:44]} 54. Kxg5 {[%clk 00:12:04]} {[%emt
00:00:07]} Kf7 {[%clk 00:23:36]} {[%emt 00:00:07]} 55. Kg4 {[%clk 00:12:19]}
{[%emt 00:00:15]} Ke7 {[%clk 00:22:49]} {[%emt 00:01:17]} 56. Kf3 {[%clk
00:11:42]} {[%emt 00:01:07]} Kf7 {[%clk 00:22:53]} {[%emt 00:00:27]} 57. Kg3
{[%clk 00:11:01]} {[%emt 00:01:11]} Kf6 {[%clk 00:17:51]} {[%emt 00:05:31]} 58.
Kf4 {[%clk 00:07:39]} {[%emt 00:03:52]} Ke7 {[%clk 00:16:46]} {[%emt 00:01:35]}
59. Ke5 {[%clk 00:06:33]} {[%emt 00:01:36]} Kd7 {[%clk 00:16:50]} {[%emt
00:00:26]} 60. Kf4 {[%clk 00:03:17]} {[%emt 00:03:46]} 1/2-1/2

[Event "ODJM B 2025"]
[Site "Willingen GER"]
[Date "2025.06.08"]
[Round "1"]
[White "Leonhardt, Lukas"]
[Black "Aguike, Chidera"]
[Result "0-1"]
[Termination "normal"]
[Board "30"]
[WhiteElo "1673"]
[BlackElo "1838"]
[WhiteClock "00:17:53"]
[BlackClock "00:29:49"]
[PlyCount "120"]
[WhiteFideId "34683950"]
[BlackFideId "34611339"]
[EventCountry "GER"]
[EventRounds "9"]
[EventType "swiss"]
[EventDate "2025.06.07"]

1. e4 {[%clk 01:30:49]} {[%emt 00:00:10]} e5 {[%clk 01:30:53]} {[%emt
00:00:07]} 2. Nf3 {[%clk 01:30:54]} {[%emt 00:00:25]} Nc6 {[%clk 01:30:37]}
{[%emt 00:00:46]} 3. Bb5 {[%clk 01:30:44]} {[%emt 00:00:40]} a6 {[%clk
01:31:01]} {[%emt 00:00:07]} 4. Ba4 {[%clk 01:30:20]} {[%emt 00:00:54]} Nf6
{[%clk 01:31:20]} {[%emt 00:00:11]} 5. O-O {[%clk 01:29:38]} {[%emt 00:01:11]}
Be7 {[%clk 01:31:33]} {[%emt 00:00:18]} 6. c3 {[%clk 01:27:16]} {[%emt
00:02:52]} Nxe4 {[%clk 01:19:19]} {[%emt 00:12:44]} 7. Re1 {[%clk 01:07:54]}
{[%emt 00:19:52]} Nf6 {[%clk 01:15:32]} {[%emt 00:04:17]} 8. Nxe5 {[%clk
01:06:18]} {[%emt 00:02:07]} Nxe5 {[%clk 01:14:44]} {[%emt 00:01:18]} 9. Rxe5
{[%clk 01:05:52]} {[%emt 00:00:55]} b5 {[%clk 01:12:57]} {[%emt 00:02:18]} 10.
Bc2 {[%clk 01:00:49]} {[%emt 00:05:33]} O-O {[%clk 01:12:31]} {[%emt 00:00:56]}
11. d4 {[%clk 00:58:44]} {[%emt 00:02:35]} h6 {[%clk 01:10:39]} {[%emt
00:02:21]} 12. Qd3 {[%clk 00:48:17]} {[%emt 00:10:57]} d6 {[%clk 01:04:19]}
{[%emt 00:06:51]} 13. Re3 {[%clk 00:42:04]} {[%emt 00:06:42]} Bg4 {[%clk
01:00:54]} {[%emt 00:03:56]} 14. Rg3 {[%clk 00:36:06]} {[%emt 00:06:27]} Qd7
{[%clk 00:46:56]} {[%emt 00:14:29]} 15. h3 {[%clk 00:28:22]} {[%emt 00:08:13]}
Bh5 {[%clk 00:46:40]} {[%emt 00:00:46]} 16. Bxh6 {[%clk 00:17:49]} {[%emt
00:11:04]} Bg6 {[%clk 00:46:44]} {[%emt 00:00:26]} 17. Qd2 {[%clk 00:17:32]}
{[%emt 00:00:46]} Nh5 {[%clk 00:42:23]} {[%emt 00:04:51]} 18. Rg4 {[%clk
00:15:07]} {[%emt 00:02:56]} Bxc2 {[%clk 00:39:57]} {[%emt 00:02:56]} 19. Qxc2
{[%clk 00:14:30]} {[%emt 00:01:06]} f5 {[%clk 00:39:27]} {[%emt 00:01:00]} 20.
Rg5 {[%clk 00:09:18]} {[%emt 00:05:43]} Bxg5 {[%clk 00:39:22]} {[%emt
00:00:34]} 21. Bxg5 {[%clk 00:09:36]} {[%emt 00:00:12]} Rae8 {[%clk 00:37:02]}
{[%emt 00:02:51]} 22. Nd2 {[%clk 00:08:38]} {[%emt 00:01:26]} Nf6 {[%clk
00:36:12]} {[%emt 00:01:21]} 23. Nf3 {[%clk 00:07:03]} {[%emt 00:02:05]} Ne4
{[%clk 00:32:13]} {[%emt 00:04:29]} 24. a4 {[%clk 00:05:56]} {[%emt 00:01:38]}
Nxg5 {[%clk 00:29:54]} {[%emt 00:02:49]} 25. Nxg5 {[%clk 00:06:17]} {[%emt
00:00:08]} g6 {[%clk 00:28:36]} {[%emt 00:01:49]} 26. c4 {[%clk 00:06:07]}
{[%emt 00:00:40]} Qe7 {[%clk 00:24:39]} {[%emt 00:04:26]} 27. f4 {[%clk
00:06:07]} {[%emt 00:00:29]} Qe3+ {[%clk 00:23:16]} {[%emt 00:01:54]} 28. Qf2
{[%clk 00:05:46]} {[%emt 00:00:51]} bxc4 {[%clk 00:22:40]} {[%emt 00:01:06]}
29. Rd1 {[%clk 00:04:24]} {[%emt 00:01:52]} Qxf2+ {[%clk 00:20:22]} {[%emt
00:02:49]} 30. Kxf2 {[%clk 00:04:47]} {[%emt 00:00:07]} Rb8 {[%clk 00:19:45]}
{[%emt 00:01:07]} 31. Rd2 {[%clk 00:04:34]} {[%emt 00:00:43]} Rfe8 {[%clk
00:19:26]} {[%emt 00:00:49]} 32. d5 {[%clk 00:04:44]} {[%emt 00:00:19]} Rb4
{[%clk 00:15:53]} {[%emt 00:04:03]} 33. Ne6 {[%clk 00:02:51]} {[%emt 00:02:23]}
Re7 {[%clk 00:10:25]} {[%emt 00:05:59]} 34. Ke3 {[%emt 00:04:05]} Rxa4 {[%clk
00:08:23]} 35. Kd4 {[%clk 00:01:35]} {[%emt 00:00:41]} Rb4 {[%clk 00:06:29]}
{[%emt 00:02:23]} 36. Kc3 {[%clk 00:01:46]} {[%emt 00:00:20]} a5 {[%clk
00:04:47]} {[%emt 00:02:12]} 37. g4 {[%clk 00:01:20]} {[%emt 00:00:56]} Kf7
{[%clk 00:04:10]} {[%emt 00:01:07]} 38. Nd8+ {[%clk 00:01:42]} {[%emt
00:00:08]} Ke8 {[%clk 00:03:40]} {[%emt 00:01:01]} 39. Nc6 {[%clk 00:01:45]}
{[%emt 00:00:27]} Re3+ {[%clk 00:03:26]} {[%emt 00:00:44]} 40. Kd4 {[%clk
00:01:36]} {[%emt 00:00:38]} c3+ {[%clk 00:01:12]} {[%emt 00:02:45]} 41. Kxe3
{[%clk 00:00:43]} {[%emt 00:01:22]} cxd2 {[%clk 00:01:18]} {[%emt 00:00:25]}
42. Kxd2 {[%clk 00:30:03]} {[%emt 00:01:10]} Rxb2+ {[%clk 00:30:53]} {[%emt
00:00:54]} 43. Kc3 {[%clk 00:29:35]} {[%emt 00:00:58]} Rh2 {[%clk 00:27:29]}
{[%emt 00:03:55]} 44. gxf5 {[%clk 00:26:51]} {[%emt 00:03:13]} Rxh3+ {[%clk
00:27:32]} {[%emt 00:00:27]} 45. Kc4 {[%clk 00:26:14]} {[%emt 00:01:08]} gxf5
{[%clk 00:27:33]} {[%emt 00:00:29]} 46. Kb5 {[%clk 00:25:11]} {[%emt 00:01:32]}
a4 {[%clk 00:27:10]} {[%emt 00:00:54]} 47. Kxa4 {[%clk 00:25:24]} {[%emt
00:00:16]} Rf3 {[%clk 00:27:22]} {[%emt 00:00:18]} 48. Kb5 {[%clk 00:24:59]}
{[%emt 00:00:55]} Rxf4 {[%clk 00:27:25]} {[%emt 00:00:27]} 49. Ka6 {[%clk
00:24:49]} {[%emt 00:00:40]} Rh4 {[%clk 00:27:23]} {[%emt 00:00:31]} 50. Kb7
{[%clk 00:25:13]} {[%emt 00:00:08]} Rh7 {[%clk 00:27:36]} {[%emt 00:00:16]} 51.
Nb4 {[%clk 00:22:31]} {[%emt 00:03:12]} f4 {[%clk 00:27:40]} {[%emt 00:00:26]}
52. Nd3 {[%clk 00:22:46]} {[%emt 00:00:15]} f3 {[%clk 00:27:59]} {[%emt
00:00:11]} 53. Nf2 {[%clk 00:22:31]} {[%emt 00:00:45]} Kd7 {[%clk 00:28:16]}
{[%emt 00:00:13]} 54. Ne4 {[%clk 00:20:53]} {[%emt 00:02:08]} Rf7 {[%clk
00:28:16]} {[%emt 00:00:30]} 55. Nf2 {[%clk 00:20:13]} {[%emt 00:01:10]} Re7
{[%clk 00:28:23]} {[%emt 00:00:24]} 56. Ng4 {[%clk 00:20:10]} {[%emt 00:00:32]}
Re2 {[%clk 00:28:39]} {[%emt 00:00:14]} 57. Nf6 {[%clk 00:19:06]} {[%emt
00:01:35]} Kd8 {[%clk 00:29:01]} {[%emt 00:00:07]} 58. Nh5 {[%clk 00:18:44]}
{[%emt 00:00:52]} Rg2 {[%clk 00:29:04]} {[%emt 00:00:28]} 59. Nf4 {[%clk
00:18:11]} {[%emt 00:01:03]} Rb2+ {[%clk 00:29:24]} {[%emt 00:00:10]} 60. Kc6
{[%clk 00:17:53]} {[%emt 00:00:48]} Rb6# {[%clk 00:29:49]} {[%emt 00:00:06]}
0-1

[Event "ODJM B 2025"]
[Site "Willingen GER"]
[Date "2025.06.08"]
[Round "1"]
[White "Storey, Cameron"]
[Black "Rose, Elias Bernd"]
[Result "1-0"]
[Termination "normal"]
[Board "31"]
[WhiteElo "1712"]
[BlackElo "1609"]
[WhiteClock "01:09:12"]
[BlackClock "00:07:04"]
[PlyCount "65"]
[WhiteFideId "343453929"]
[BlackFideId "34665730"]
[EventCountry "GER"]
[EventRounds "9"]
[EventType "swiss"]
[EventDate "2025.06.07"]

1. e4 {[%clk 01:30:57]} {[%emt 00:00:02]} e6 {[%clk 01:30:53]} {[%emt
00:00:07]} 2. b3 {[%clk 01:31:22]} {[%emt 00:00:06]} d5 {[%clk 01:30:31]}
{[%emt 00:00:52]} 3. Bb2 {[%clk 01:31:47]} {[%emt 00:00:05]} dxe4 {[%clk
01:28:37]} {[%emt 00:02:23]} 4. Nc3 {[%clk 01:32:11]} {[%emt 00:00:06]} Nf6
{[%clk 01:28:54]} {[%emt 00:00:13]} 5. Qe2 {[%clk 01:32:35]} {[%emt 00:00:06]}
Bb4 {[%clk 01:22:21]} {[%emt 00:06:42]} 6. O-O-O {[%clk 01:32:18]} {[%emt
00:01:08]} O-O {[%clk 01:21:00]} {[%emt 00:01:52]} 7. g4 {[%clk 01:32:36]}
{[%emt 00:00:12]} Nc6 {[%clk 01:18:14]} {[%emt 00:03:15]} 8. Nxe4 {[%clk
01:28:25]} {[%emt 00:04:41]} Nxe4 {[%clk 01:04:24]} {[%emt 00:14:19]} 9. Qxe4
{[%clk 01:28:46]} {[%emt 00:00:09]} e5 {[%clk 01:02:36]} {[%emt 00:02:19]} 10.
Bb5 {[%clk 01:25:48]} {[%emt 00:03:28]} Bd7 {[%clk 00:46:09]} {[%emt 00:16:58]}
11. f3 {[%clk 01:25:38]} {[%emt 00:00:39]} Bd6 {[%clk 00:44:53]} {[%emt
00:01:46]} 12. h4 {[%clk 01:24:54]} {[%emt 00:01:13]} a6 {[%clk 00:43:56]}
{[%emt 00:01:28]} 13. Bd3 {[%clk 01:24:57]} {[%emt 00:00:26]} f5 {[%clk
00:42:33]} {[%emt 00:01:54]} 14. Qe2 {[%clk 01:22:08]} {[%emt 00:03:18]} b5
{[%clk 00:38:15]} {[%emt 00:04:48]} 15. gxf5 {[%clk 01:15:57]} {[%emt
00:06:42]} Bxf5 {[%clk 00:38:22]} {[%emt 00:00:23]} 16. Nh3 {[%clk 01:16:17]}
{[%emt 00:00:09]} Nb4 {[%clk 00:25:50]} {[%emt 00:13:02]} 17. Be4 {[%clk
01:13:21]} {[%emt 00:03:27]} Bxe4 {[%clk 00:21:40]} {[%emt 00:04:40]} 18. Qxe4
{[%clk 01:13:31]} {[%emt 00:00:20]} Qd7 {[%clk 00:17:34]} {[%emt 00:04:36]} 19.
a3 {[%clk 01:10:11]} {[%emt 00:03:48]} Nc6 {[%clk 00:17:08]} {[%emt 00:00:57]}
20. Ng5 {[%clk 01:10:33]} {[%emt 00:00:08]} g6 {[%clk 00:15:36]} {[%emt
00:02:03]} 21. h5 {[%clk 01:10:01]} {[%emt 00:01:01]} Qf5 {[%clk 00:09:15]}
{[%emt 00:06:53]} 22. Qd5+ {[%clk 01:08:10]} {[%emt 00:02:19]} Kg7 {[%clk
00:06:43]} {[%emt 00:02:59]} 23. Ne6+ {[%clk 01:07:42]} {[%emt 00:01:01]} Kf6
{[%clk 00:06:51]} {[%emt 00:00:22]} 24. Nxf8 {[%clk 01:07:56]} {[%emt
00:00:17]} Rxf8 {[%clk 00:07:07]} {[%emt 00:00:14]} 25. Qxc6 {[%clk 01:08:12]}
{[%emt 00:00:14]} b4 {[%clk 00:05:56]} {[%emt 00:01:41]} 26. a4 {[%clk
01:08:07]} {[%emt 00:00:35]} Rb8 {[%clk 00:05:51]} {[%emt 00:00:34]} 27. f4
{[%clk 01:08:23]} {[%emt 00:00:15]} Rb6 {[%clk 00:06:09]} {[%emt 00:00:12]} 28.
fxe5+ {[%clk 01:08:45]} {[%emt 00:00:08]} Kf7 {[%clk 00:06:07]} {[%emt
00:00:32]} 29. Qxb6 {[%clk 01:08:42]} {[%emt 00:00:32]} cxb6 {[%clk 00:06:18]}
{[%emt 00:00:19]} 30. Rdf1 {[%clk 01:09:07]} {[%emt 00:00:04]} Be7 {[%clk
00:06:20]} {[%emt 00:00:30]} 31. hxg6+ {[%clk 01:09:03]} {[%emt 00:00:34]} hxg6
{[%clk 00:06:43]} {[%emt 00:00:07]} 32. Rxf5+ {[%clk 01:09:08]} {[%emt
00:00:25]} gxf5 {[%clk 00:07:04]} {[%emt 00:00:07]} 33. Rh6 {[%clk 01:09:12]}
{[%emt 00:00:27]} 1-0